00663nam a2200205 i 4500001001100000003000500011005001700016008004100033040002500074082001500099100003400114245011300148264005800261300002300319336002100342337002500363338002300388500002000411650002600431C2-0243347PPAK20180727205032.0021022s1992 my |||| ||||| | may d aPPAKbengcPPAKerda04a370.152230 aAbdullah bin Ismail, eauthor10aCabaran-cabaran semasa dalam pengurusan pendidikan : bkajian kes Sekolah Menengah Luar Bandar, Pulau Pinang 1aSelangor : bKementerian Pendidikan Malaysia , c1992 a18 pages ; c30 cm 2rdacontentatext 2rdamediaaunmediated 2rdacarrieravolume aKertas Kerja 2610aStudents - Psychology